000 00808nas a2200241 4500
001 BR8801035
003 BR-BrBNA
005 20231205091037.0
007 ta
008 230509b bl.|||p| |||| 00| 00por d
040 _aBR-BrBNA
_bpor
_cBiblioteca Nacional de Agricultura
041 _a(Pt)
072 _aQ02
100 1 _aBenedet, H.D.
245 1 _aAtividade coagulante e proteolitica dos coalhos comerciais brasileiros
246 1 _a[Coagulation and proteolytic activity of the brazilian comercial milk]
650 _aCOALHO
650 _aENZIMA
650 _aATIVIDADE ENZIMICA
773 0 _tBoletim da Sociedade Brasileira de Ciencia e Tecnologia de Alimentos (Brazil)
_xISSN 0101-3637
_g(1987), v. 21(1) p. 1-8
_wBR8801035
909 _a202311
_bLúcia
_c55
_dLúcia Elande
942 _2AGRIS
_n0
_cANA
999 _c122378
_d122378